Learning Resource and Development

Calories and carbohydrates. (Record no. 19049)

MARC details
000 -LEADER
fixed length control field 01031cam a2200265I 4500
001 - CONTROL NUMBER
control field caloriescarbohyd00kraurich
003 - CONTROL NUMBER IDENTIFIER
control field CaSfIA
005 - DATE AND TIME OF LATEST TRANSACTION
control field 20230525154838.0
007 - PHYSICAL DESCRIPTION FIXED FIELD--GENERAL INFORMATION
fixed length control field cr||||
008 - FIXED-LENGTH DATA ELEMENTS--GENERAL INFORMATION
fixed length control field 750711s1973 nyu 000 0 eng d
040 ## - CATALOGING SOURCE
Original cataloging agency MNL
Transcribing agency MNL
Modifying agency OCL
-- CaSfIA
035 ## - SYSTEM CONTROL NUMBER
System control number (OCoLC)1443846
092 ## - LOCALLY ASSIGNED DEWEY CALL NUMBER (OCLC)
Classification number 641.1
Item number K91c
100 1# - MAIN ENTRY--PERSONAL NAME
Personal name Kraus, Barbara.
245 10 - TITLE STATEMENT
Title Calories and carbohydrates.
Medium [electronic resource]
Statement of responsibility, etc. Foreword by Edward B. Greenspan.
260 ## - PUBLICATION, DISTRIBUTION, ETC.
Place of publication, distribution, etc. [New York]
Name of publisher, distributor, etc. New American Library
Date of publication, distribution, etc. [1973]
300 ## - PHYSICAL DESCRIPTION
Extent xiii, 370 p.
Dimensions 18 cm.
500 ## - GENERAL NOTE
General note Published in 1973 under title: The dictionary of calories and carbohydrates.
500 ## - GENERAL NOTE
General note Revised and updated.
504 ## - BIBLIOGRAPHY, ETC. NOTE
Bibliography, etc. note Bibliography: p. 370.
650 #0 - SUBJECT ADDED ENTRY--TOPICAL TERM
Topical term or geographic name entry element Food
General subdivision Caloric content
Form subdivision Tables.
650 #0 - SUBJECT ADDED ENTRY--TOPICAL TERM
Topical term or geographic name entry element Food
General subdivision Carbohydrate content
Form subdivision Tables.
856 41 - ELECTRONIC LOCATION AND ACCESS
Uniform Resource Identifier <a href="http://www.archive.org/details/caloriescarbohyd00kraurich">http://www.archive.org/details/caloriescarbohyd00kraurich</a>
Public note Free eBook from the Internet Archive
856 42 - ELECTRONIC LOCATION AND ACCESS
Uniform Resource Identifier <a href="http://www.openlibrary.org/books/OL24202620M">http://www.openlibrary.org/books/OL24202620M</a>
Public note Additional information and access via Open Library
Holdings
Withdrawn status Lost status Damaged status Not for loan Collection Home library Current library Date acquired Total Checkouts Date last seen Price effective from Koha item type
        Project Gutenberg Main Library Main Library 05/25/2023   05/25/2023 05/25/2023 EBooks